| 000 | 00461nam a2200193Ia 4500 | ||
|---|---|---|---|
| 003 | OSt | ||
| 005 | 20220802153820.0 | ||
| 008 | 210210b1960 xxu||||| |||| 00| 0 eng d | ||
| 040 | _cAL | ||
| 041 | _aeng | ||
| 082 | _a560/8 | ||
| 100 |
_aKRISHNAMURTHY _954426 |
||
| 245 | _aElements of general science | ||
| 260 |
_aMangalore _bNot Mentioned _c1960 |
||
| 690 |
_aPure Sciences _954427 |
||
| 700 |
_aand others _954428 |
||
| 906 | _a010175 | ||
| 942 |
_2ddc _cBK |
||
| 999 |
_c137943 _d137943 |
||